000
00291nam a2200109Ia 4500
008
220627s9999 xx 000 0 und d
020
_a
978 0 7981 76040
082
_a
AF DEKO
100
_a
De Kock, Helene
_9
67844
245
0
_a
KEUR 1
942
_c
BK
_w
561
_x
John Tresidder
_y
_z
CRON CRON
999
_c
690373
_d
690372